La Junta de Museus i les exposicions de belles arts durant la postguerra / Lluïsa Sala i Tubert
ISBN:
978-84-95417-93-0
Descripción Física:
34 p. ; 21 cm
Colección:
Textos d'Història i Cultura ; 7
MARC
| LEADER | 00000nam a2200000Ia 4500 | ||
|---|---|---|---|
| 001 | 23078 | ||
| 008 | 160829s2010 xx 000 0 cat d | ||
| 020 | |a 978-84-95417-93-0 | ||
| 080 | |a FU-59-20 | ||
| 100 | |a Sala i Tubert, Lluïsa |9 41418 | ||
| 245 | |a La Junta de Museus i les exposicions de belles arts durant la postguerra / Lluïsa Sala i Tubert | ||
| 260 | |a Barcelona : |b Fundació Carles Pi i Sunyer d'Estudis Autonòmics Locals, |c 2010 | ||
| 300 | |a 34 p. ; |c 21 cm | ||
| 490 | |a Textos d'Història i Cultura ; 7 | ||
| 650 | |a Junta de Museus de Barcelona |x Història |9 41419 | ||
| 650 | |a Junta de Museus de Catalunya |x Història |9 41420 | ||
| 650 | |a Art |x Exposicions |x Barcelona |x 1940-1952 |9 41421 | ||
| 710 | 1 | |a Fundació Carles Pi i Sunyer d'Estudis Autonòmics i Locals |9 52753 | |
| 901 | |a Arxiu | ||
| 942 | |n 1 | ||
| 952 | |0 0 |1 0 |4 0 |6 FU5920 |7 1 |9 50203 |a Arxiu |b Arxiu |d 2016-12-01 |l 0 |o FU-59-20 |p 23078 |r 2016-12-01 00:00:00 |w 2016-12-01 |y ARXIU | ||
| 999 | |c 54045 |d 54045 | ||